[Event "SR 2. liga A 2006/2007"]
[Site "?"]
[Date "2007.03.17"]
[Round "10.2"]
[White "Petreje, Juraj"]
[Black "Gasa, Andrej"]
[Result "1-0"]
[WhiteElo "2407"]
[BlackElo "2123"]
[PlyCount "101"]
[EventDate "2006.??.??"]

1. d4 d5 2. Nf3 Nf6 3. c4 e6 4. Nc3 c6 5. Bg5 Nbd7 6. e3 Qa5 7. Nd2 Bb4 8. Qc2
O-O 9. Be2 dxc4 10. Bxf6 Nxf6 11. Nxc4 Qc7 12. O-O Rd8 13. Rac1 Nd5 14. Ne4 Be7
15. a3 Bd7 16. Bd3 Be8 17. Nc5 g6 18. b4 Rac8 19. Be4 Bf8 20. Qe2 Nf6 21. Bf3
Bg7 22. Na5 b6 23. Na6 Qd6 24. Nb7 Qe7 25. Nxd8 Qxd8 26. Rc2 Nd5 27. Rfc1 Ra8
28. b5 cxb5 29. Bxd5 exd5 30. Nc7 Rb8 31. Nxb5 Bf8 32. Rc3 Bd7 33. Nxa7 Ra8 34.
Qa6 Bd6 35. Qb7 Be6 36. Qxa8 Qxa8 37. Rc8+ Bxc8 38. Rxc8+ Qxc8 39. Nxc8 Bc7 40.
Ne7+ Kf8 41. Nxd5 Bd8 42. Kf1 Ke8 43. a4 Kd7 44. Ke2 Kc6 45. Nb4+ Kb7 46. Kd3
Bc7 47. h3 Bd6 48. Kc4 Bh2 49. Kb5 Bc7 50. d5 Bh2 51. Nc6 1-0

[Event "SR 2. liga A 2006/2007"]
[Site "?"]
[Date "2007.03.17"]
[Round "10.3"]
[White "Hacik, Radomir"]
[Black "Lauf, Pavol"]
[Result "0-1"]
[WhiteElo "2185"]
[BlackElo "2111"]
[PlyCount "90"]
[EventDate "2006.??.??"]

1. e4 g6 2. d4 Bg7 3. Be3 d6 4. Nc3 Nf6 5. h3 c6 6. Qd2 b5 7. Bd3 Nbd7 8. Nf3
O-O 9. Bh6 e5 10. Rd1 Re8 11. O-O Qc7 12. Rfe1 Nb6 13. b4 Be6 14. d5 cxd5 15.
exd5 Bxd5 16. Nxd5 Nbxd5 17. Bxg7 Kxg7 18. Bxb5 Red8 19. c4 Nb6 20. Ba6 Rab8
21. Qc1 Na8 22. a3 Qb6 23. Bb5 a5 24. bxa5 Qxa5 25. Nh4 h6 26. g4 Nc7 27. g5
Ng8 28. a4 Ne6 29. Nf3 Nf4 30. h4 hxg5 31. hxg5 Ne7 32. Nd4 Qa8 33. f3 Rh8 34.
Qxf4 exf4 35. Rxe7 Qa5 36. c5 d5 37. c6 Qb4 38. Re2 Rbe8 39. Rxe8 Rxe8 40. c7
Rc8 41. Ne2 Qc5+ 42. Kf1 Rxc7 43. Nxf4 Qe3 44. Nxd5 Qxf3+ 45. Ke1 Rc2 0-1

[Event "SR 2. liga A 2006/2007"]
[Site "?"]
[Date "2007.03.17"]
[Round "10.3"]
[White "Polasek, Filip"]
[Black "Bronis, Marian"]
[Result "1-0"]
[WhiteElo "2084"]
[BlackElo "2155"]
[PlyCount "93"]
[EventDate "2006.??.??"]

1. e4 c5 2. Nf3 e6 3. d4 cxd4 4. Nxd4 Nc6 5. Be3 Nf6 6. Bd3 e5 7. Nb3 d5 8.
exd5 Nxd5 9. O-O Be7 10. Qf3 Nxe3 11. fxe3 Be6 12. Nc3 O-O 13. Be4 Qc8 14. Nd5
Bd6 15. Bf5 Bxf5 16. Qxf5 Qxf5 17. Rxf5 Rad8 18. c4 Rd7 19. Rd1 Rfd8 20. Rf2
Kf8 21. Rfd2 Ke8 22. e4 Nd4 23. Nxd4 exd4 24. h3 Be5 25. b3 Rc8 26. a4 Rc6 27.
g4 h6 28. Kg2 Rd8 29. Kf3 Kd7 30. Ke2 g6 31. Rf1 Ke6 32. Kd3 f6 33. Rdf2 Rf8
34. b4 Rcc8 35. h4 Rcd8 36. a5 Rc8 37. b5 Bg3 38. Rxf6+ Rxf6 39. Rxf6+ Ke5 40.
h5 gxh5 41. gxh5 Rg8 42. Rf5+ Ke6 43. Kxd4 Bb8 44. Rf6+ Kd7 45. Rxh6 Rg3 46.
Rh7+ Ke6 47. Re7+ 1-0

[Event "SR 2. liga A 2006/2007"]
[Site "?"]
[Date "2007.03.17"]
[Round "10.4"]
[White "Kebis, Milos"]
[Black "Hecko, Dusan"]
[Result "1-0"]
[WhiteElo "2053"]
[BlackElo "2142"]
[PlyCount "75"]
[EventDate "2006.??.??"]

1. c4 e5 2. Nc3 Nf6 3. Nf3 Nc6 4. g3 g6 5. Bg2 Bg7 6. O-O O-O 7. d4 exd4 8.
Nxd4 Nxd4 9. Qxd4 d6 10. Qd3 Rb8 11. a4 a5 12. e4 Be6 13. f4 Nd7 14. Be3 f5 15.
exf5 gxf5 16. Rfe1 b6 17. Bf2 Bf7 18. Qxf5 Bxc4 19. Qc2 Nc5 20. Bd5+ Bxd5 21.
Nxd5 Rf7 22. Re2 Qd7 23. Rae1 Qxa4 24. Qd2 Qb3 25. Re8+ Rxe8 26. Rxe8+ Rf8 27.
Rxf8+ Kxf8 28. Nxc7 Ne4 29. Qe2 d5 30. Qh5 Nf6 31. Qf5 Qxb2 32. Ne6+ Kg8 33.
Bd4 Qc1+ 34. Kg2 Qd2+ 35. Kh3 Ne8 36. Bxg7 Qb4 37. Be5 Qe7 38. Qg4+ 1-0

[Event "SR 2. liga A 2006/2007"]
[Site "?"]
[Date "2007.03.17"]
[Round "10.4"]
[White "Stefan, Oldrich"]
[Black "Fraas, Martin"]
[Result "0-1"]
[WhiteElo "2065"]
[BlackElo "2181"]
[PlyCount "104"]
[EventDate "2006.??.??"]

1. d4 d6 2. Nf3 Bg4 3. e4 Nd7 4. Bc4 e6 5. O-O c6 6. Re1 Ne7 7. Nbd2 d5 8. Bd3
Nf6 9. e5 Nd7 10. Nf1 c5 11. dxc5 Nc6 12. Bf4 Bxc5 13. h3 Bh5 14. Ng3 Bg6 15.
Bxg6 hxg6 16. c3 Qb6 17. Qd2 a5 18. Rad1 Qc7 19. Ne2 O-O 20. Ned4 Nxd4 21. Nxd4
a4 22. Qe2 Bxd4 23. cxd4 Qb6 24. Qd2 Rfc8 25. Rc1 Qb5 26. Rxc8+ Rxc8 27. Rc1
Rxc1+ 28. Qxc1 Qc4 29. Be3 Nb8 30. Qxc4 dxc4 31. Kf1 Kf8 32. Ke2 Ke8 33. Kd2
Kd7 34. Kc3 b5 35. Kb4 Kc6 36. b3 Na6+ 37. Ka5 cxb3 38. axb3 axb3 39. Bc1 Nb8
40. Kb4 Kd5 41. Kxb5 Nc6 42. Bb2 g5 43. Ka4 Kc4 44. Ka3 g6 45. g3 Nxd4 46. Bxd4
Kxd4 47. Kxb3 Kxe5 48. Kc3 Ke4 49. Kd2 Kf3 50. Ke1 Kg2 51. Ke2 Kxh3 52. Kf3 f5
0-1

[Event "SR 2. liga A 2006/2007"]
[Site "?"]
[Date "2007.03.17"]
[Round "10.5"]
[White "Djubek, Boris"]
[Black "Chovanec, Vladimir"]
[Result "1/2-1/2"]
[WhiteElo "2174"]
[BlackElo "2070"]
[PlyCount "100"]
[EventDate "2006.??.??"]

1. d4 Nf6 2. Nf3 g6 3. c4 d5 4. Nc3 Bg7 5. cxd5 Nxd5 6. e4 Nxc3 7. bxc3 O-O 8.
Ba3 b6 9. Rc1 Bb7 10. Bd3 Nd7 11. O-O c5 12. Qe2 e5 13. d5 Qc7 14. Rcd1 Nf6 15.
c4 Ne8 16. Bb2 f6 17. Nd2 Bh6 18. Nb1 Nd6 19. Na3 a6 20. Rb1 Bc8 21. Bc3 Bd7
22. g3 Bh3 23. Rfe1 Bd7 24. Rb2 Rab8 25. Rf1 Qc8 26. Rfb1 Qc7 27. Re1 Rbe8 28.
Rbb1 Rf7 29. Qb2 Nc8 30. Bf1 g5 31. Nc2 g4 32. Ne3 Bxe3 33. Rxe3 Qd6 34. Bd2 h5
35. Ra3 a5 36. Bg2 Rh7 37. Rf1 Qe7 38. f4 Nd6 39. Qc2 h4 40. gxh4 f5 41. fxe5
Qxe5 42. Bf4 Qd4+ 43. Kh1 Nxe4 44. Rd3 Qf6 45. Re3 Rhe7 46. h5 Ng5 47. Qd2 Rxe3
48. Bxe3 Ne4 49. Qe1 Nd6 50. Qc1 Ne4 1/2-1/2

[Event "SR 2. liga A 2006/2007"]
[Site "?"]
[Date "2007.03.17"]
[Round "10.5"]
[White "Pagerka, Martin"]
[Black "Vinarcik, Jan"]
[Result "1-0"]
[WhiteElo "1966"]
[BlackElo "2027"]
[PlyCount "133"]
[EventDate "2006.??.??"]

1. e4 e5 2. Nf3 Nc6 3. Bb5 a6 4. Ba4 d6 5. c3 Bd7 6. O-O g6 7. d4 Bg7 8. d5
Nce7 9. Bxd7+ Qxd7 10. Be3 f6 11. a4 a5 12. Na3 Nh6 13. h3 Nf7 14. Nd2 g5 15.
Nac4 h5 16. f3 Ng6 17. b4 axb4 18. cxb4 Nh6 19. b5 g4 20. fxg4 hxg4 21. Bxh6
Rxh6 22. Qxg4 Qxg4 23. hxg4 Rh4 24. Ne3 Rh7 25. Nf5 Nf4 26. Nc4 Kd7 27. b6 Rah8
28. Kf2 Bf8 29. Kf3 Nd3 30. a5 Nc5 31. Rfb1 c6 32. a6 cxd5 33. a7 Bh6 34. a8=Q
Rxa8 35. Rxa8 dxc4 36. Nxh6 Rxh6 37. Rc1 Kc6 38. Rd8 Rh7 39. Rxc4 Rh1 40. Rf8
Kxb6 41. Rb4+ Ka5 42. Rb2 Rf1+ 43. Ke2 Rf4 44. Ra8+ Na6 45. Ke3 Rxg4 46. Rxb7
Rg3+ 47. Kf2 Rc3 48. Rb2 Rc6 49. Ke3 Rc3+ 50. Kd2 Rc6 51. Kd3 Rb6 52. Rxb6 Kxb6
53. Kc4 Nc7 54. Rf8 Kc6 55. Rxf6 Ne8 56. Rh6 Kd7 57. g4 Ke7 58. g5 Kd7 59. Rh8
Ke7 60. Rxe8+ Kxe8 61. Kd5 Kd7 62. g6 Ke7 63. g7 Kf7 64. Kxd6 Kxg7 65. Kxe5 Kf8
66. Ke6 Ke8 67. e5 1-0

[Event "SR 2. liga A 2006/2007"]
[Site "?"]
[Date "2007.03.17"]
[Round "10.6"]
[White "Macka, Oto"]
[Black "Sturc, Gustav"]
[Result "1-0"]
[WhiteElo "1974"]
[BlackElo "2173"]
[PlyCount "71"]
[EventDate "2006.??.??"]

1. c4 Nf6 2. Nc3 c5 3. Nf3 g6 4. d4 cxd4 5. Nxd4 Nc6 6. e4 d6 7. Be2 Bg7 8. Be3
O-O 9. O-O Bd7 10. f3 Ne8 11. Qd2 a6 12. a3 Nc7 13. b4 Ne6 14. Nc2 Ne5 15. f4
Nxc4 16. Bxc4 Rc8 17. f5 Rxc4 18. Nd5 Nc7 19. Bb6 e6 20. f6 exd5 21. fxg7 Re8
22. Ne3 Qc8 23. Qf2 Be6 24. Bxc7 Rxe4 25. Rac1 Qd7 26. Bb6 Qb5 27. Ba7 Kxg7 28.
Qf6+ Kg8 29. Bd4 Rxd4 30. Qxd4 Qe2 31. Nxd5 Bxd5 32. Qxd5 Qe3+ 33. Kh1 Rf8 34.
Rc7 Qe8 35. Qxb7 Qe2 36. Qf3 1-0

[Event "SR 2. liga A 2006/2007"]
[Site "?"]
[Date "2007.03.17"]
[Round "10.6"]
[White "Mandak, Miroslav"]
[Black "Diviak, Rastislav"]
[Result "0-1"]
[WhiteElo "2080"]
[BlackElo "1958"]
[PlyCount "62"]
[EventDate "2006.??.??"]

1. f4 d5 2. Nf3 Nf6 3. e3 c5 4. d3 Nc6 5. Be2 g6 6. O-O Bg7 7. Ne5 Qc7 8. d4
O-O 9. c3 cxd4 10. exd4 a6 11. Nd2 b5 12. Nb3 Nd7 13. Nxc6 Qxc6 14. f5 Nf6 15.
fxg6 hxg6 16. Bf4 Bf5 17. Nc5 Ne4 18. Nd3 Qb6 19. Kh1 a5 20. Bg4 Bxg4 21. Qxg4
b4 22. Rac1 bxc3 23. bxc3 Rac8 24. Be5 Rxc3 25. Rb1 Qc6 26. Qd1 Rc2 27. Bxg7
Kxg7 28. Ne5 Qc3 29. Qf3 Qxd4 30. Nxf7 Nf2+ 31. Rxf2 Rxf2 0-1

[Event "SR 2. liga A 2006/2007"]
[Site "?"]
[Date "2007.03.17"]
[Round "10.7"]
[White "Karlik, Lukas"]
[Black "Povysil, Peter"]
[Result "1-0"]
[WhiteElo "1842"]
[BlackElo "2055"]
[PlyCount "83"]
[EventDate "2006.??.??"]

1. d4 d5 2. Nf3 Nf6 3. c4 c6 4. Nc3 e6 5. e3 Nbd7 6. Bd3 dxc4 7. Bxc4 b5 8. Bb3
b4 9. Ne2 Bb7 10. O-O Bd6 11. Qd3 c5 12. dxc5 Nxc5 13. Qb5+ Kf8 14. Qxb4 Ba6
15. Ned4 Bxf1 16. Kxf1 Nfe4 17. Qe1 g5 18. Bc2 g4 19. Nd2 Nxd2+ 20. Bxd2 Qh4
21. b4 Nd7 22. Be4 Rc8 23. Rc1 Ke7 24. Nc6+ Rxc6 25. Rxc6 g3 26. f4 Rg8 27. h3
e5 28. Bf3 f5 29. Bc3 e4 30. Bd1 Bxf4 31. Bb3 Rg6 32. Rxg6 hxg6 33. Qd2 Be5 34.
Ba4 Bxc3 35. Qxd7+ Kf8 36. Qc8+ Ke7 37. Qxc3 Qg5 38. Qe5+ Kf8 39. Qb8+ Kg7 40.
Qxa7+ Kh6 41. Qd4 f4 42. Qh8# 1-0

[Event "SR 2. liga A 2006/2007"]
[Site "?"]
[Date "2007.03.17"]
[Round "10.7"]
[White "Oprea, Erik"]
[Black "Hoferek, Peter"]
[Result "1-0"]
[WhiteElo "2138"]
[BlackElo "1914"]
[PlyCount "74"]
[EventDate "2006.??.??"]

1. e4 e5 2. Nc3 Nc6 3. Nf3 Nf6 4. Bb5 Nd4 5. Ba4 c6 6. Nxe5 b5 7. Bb3 Nxb3 8.
axb3 b4 9. Na4 Qc7 10. d4 Be7 11. Bf4 d6 12. Nc4 O-O 13. f3 Nh5 14. Be3 d5 15.
Nd2 dxe4 16. Nxe4 f5 17. Nec5 Bh4+ 18. Bf2 Re8+ 19. Kf1 Bf6 20. g3 g6 21. Kg2
Be6 22. Nxe6 Rxe6 23. Nc5 Rd6 24. Re1 Ng7 25. Qd3 Kh8 26. Na6 Qd7 27. c3 bxc3
28. bxc3 Ne6 29. Qc4 Rc8 30. Re2 h5 31. Rae1 Nc7 32. Nxc7 Qxc7 33. Re8+ Rxe8
34. Rxe8+ Kh7 35. Qg8+ Kh6 36. Be3+ g5 37. h4 Bg7 1-0

[Event "SR 2. liga A 2006/2007"]
[Site "?"]
[Date "2007.03.17"]
[Round "10.8"]
[White "Faltan, Peter"]
[Black "Pericka, Tomas"]
[Result "1-0"]
[WhiteElo "2058"]
[BlackElo "1913"]
[PlyCount "67"]
[EventDate "2006.??.??"]

1. d4 Nf6 2. Nf3 d5 3. c4 e6 4. Bg5 Bb4+ 5. Nc3 c6 6. Bxf6 Qxf6 7. e3 O-O 8.
Rc1 Nd7 9. cxd5 exd5 10. a3 Bd6 11. Bd3 Re8 12. O-O Nf8 13. h3 Bf5 14. Re1 Be4
15. Bxe4 dxe4 16. Nd2 Qg6 17. Qg4 f5 18. Qxg6 Nxg6 19. g4 Nh4 20. gxf5 Nxf5 21.
Ncxe4 Bc7 22. Rc5 Rf8 23. Kf1 Rae8 24. Ke2 Re6 25. Rcc1 Bd8 26. Kd3 Bh4 27. Re2
Ne7 28. Nc5 Rg6 29. Nd7 Rxf2 30. Rxf2 Bxf2 31. Ne4 Bh4 32. Rf1 h6 33. Rf8+ Kh7
34. Rf4 1-0

[Event "SR 2. liga A 2006/2007"]
[Site "?"]
[Date "2007.03.17"]
[Round "10.8"]
[White "Koutny, Pavel"]
[Black "Cambel, Vladimir"]
[Result "0-1"]
[WhiteElo "1876"]
[BlackElo "2049"]
[PlyCount "76"]
[EventDate "2006.??.??"]

1. e4 c5 2. Nc3 e6 3. g3 Nc6 4. Bg2 Nf6 5. Nge2 d5 6. d3 d4 7. Nb1 Be7 8. O-O
O-O 9. f4 g6 10. Nd2 Qc7 11. Nf3 b5 12. h3 h5 13. Nh4 Ne8 14. Nf3 Nf6 15. Nh2
Bb7 16. f5 exf5 17. exf5 Ne5 18. Bxb7 Qxb7 19. Nf4 Qc6 20. g4 hxg4 21. hxg4
gxf5 22. gxf5 Kh7 23. Rf2 Rg8+ 24. Ng2 Nfg4 25. Nxg4 Rxg4 26. Qe2 Rag8 27. Bf4
Bh4 28. Raf1 Bxf2+ 29. Rxf2 f6 30. Kf1 Qd5 31. b3 a5 32. Bc1 c4 33. Qd2 Nf7 34.
Nf4 Rg1+ 35. Ke2 Qe5+ 36. Qe3 dxe3 37. Rh2+ Nh6 38. Bxe3 Re1+ 0-1

[Event "SR 2. liga A 2006/2007"]
[Site "?"]
[Date "2007.04.01"]
[Round "11"]
[White "Adamcik, Tomas"]
[Black "Koutny, Pavel"]
[Result "1/2-1/2"]
[WhiteElo "1964"]
[BlackElo "1876"]
[PlyCount "72"]
[EventDate "2006.??.??"]
[TimeControl "40/300+5:40/300:40/300"]

1. b3 e5 2. Bb2 Nc6 3. e3 Nf6 4. Bb5 d6 5. h3 Bd7 6. d3 a6 7. Bxc6 Bxc6 8. e4
Be7 9. Ne2 O-O 10. Ng3 Bd7 11. Nc3 c6 12. Nce2 Ne8 13. Nf5 Bxf5 14. exf5 Qd7
15. g4 b5 16. h4 Qc7 17. Ng3 d5 18. g5 f6 19. Qh5 Bb4+ 20. c3 Ba5 21. b4 Bb6
22. g6 h6 23. O-O e4 24. d4 a5 25. a3 e3 26. Qf3 exf2+ 27. Qxf2 Nd6 28. Bc1
axb4 29. cxb4 Qa7 30. Bb2 Rfe8 31. Rfe1 Ne4 32. Nxe4 Rxe4 33. Rxe4 dxe4 34. Qe3
Re8 35. Re1 Qd7 36. Rf1 Qd5 1/2-1/2

[Event "SR 2. liga A 2006/2007"]
[Site "?"]
[Date "2007.03.18"]
[Round "11"]
[White "Bednar, Jan"]
[Black "Sturdik, Igor"]
[Result "1-0"]
[WhiteElo "2176"]
[BlackElo "2056"]
[PlyCount "75"]
[EventDate "2006.??.??"]

1. d4 Nf6 2. c4 c5 3. Nf3 e6 4. Nc3 d5 5. cxd5 Nxd5 6. e3 Nc6 7. Bc4 Nb6 8. Bb5
Bd7 9. O-O a6 10. Bd3 Bd6 11. Ne4 Be7 12. Nxc5 Bxc5 13. dxc5 Nd5 14. a3 Qf6 15.
Qc2 Rc8 16. Bd2 e5 17. b4 h6 18. Qc4 Be6 19. Qe4 Nde7 20. Bc4 Bf5 21. Qh4 g5
22. Qg3 Rg8 23. Bc3 Ng6 24. h3 Qe7 25. Bd5 Bd3 26. Rfd1 e4 27. Ne1 Rd8 28.
Bxc6+ bxc6 29. Nxd3 exd3 30. Rd2 f5 31. Rad1 Qe4 32. Bd4 f4 33. Qg4 Nh4 34.
Qh5+ Ke7 35. f3 Qe6 36. Rxd3 Rd5 37. e4 Rd7 38. Bf6+ 1-0

[Event "SR 2. liga A 2006/2007"]
[Site "?"]
[Date "2007.04.01"]
[Round "11"]
[White "Chovanec, Vladimir"]
[Black "Hricak, Vasil"]
[Result "0-1"]
[WhiteElo "2070"]
[BlackElo "2043"]
[PlyCount "80"]
[EventDate "2006.??.??"]
[TimeControl "40/300+5:40/300:40/300"]

1. Nf3 {0} d5 2. g3 Nc6 3. d4 Bg4 4. Bg2 Qd7 5. Bf4 h6 6. c4 e6 7. cxd5 exd5 8.
Nc3 g5 9. Be3 O-O-O 10. Qa4 Kb8 11. Rc1 Nge7 12. h3 Be6 13. b4 Ng6 14. b5 Nce7
15. Bd2 f5 16. Qc2 Bg7 17. Na4 b6 18. Bb4 g4 19. Bxe7 Nxe7 20. hxg4 fxg4 21.
Ne5 Bxe5 22. dxe5 Bf5 23. Qb2 Be4 24. O-O Bxg2 25. Kxg2 h5 26. Rh1 d4 27. Qb3
Qf5 28. Qd3 Qxe5 29. Nb2 Qd5+ 30. f3 Nf5 31. Nc4 gxf3+ 32. exf3 Rdg8 33. Rh3
Rg7 34. Re1 Qxb5 35. Re5 Ne3+ 36. Kf2 Qxc4 37. Qxc4 Nxc4 38. Rexh5 Rxh5 39.
Rxh5 Re7 40. g4 d3 0-1

[Event "SR 2. liga A 2006/2007"]
[Site "?"]
[Date "2007.03.18"]
[Round "11"]
[White "Cibicek, Jozef"]
[Black "Klanica, Anton"]
[Result "1-0"]
[WhiteElo "1981"]
[BlackElo "1927"]
[PlyCount "101"]
[EventDate "2006.??.??"]

1. e4 e6 2. d4 d5 3. Nc3 Nf6 4. e5 Nfd7 5. f4 c5 6. Nf3 Nc6 7. Be3 Qb6 8. Na4
Qa5+ 9. c3 cxd4 10. b4 Qd8 11. Nxd4 Nxd4 12. Bxd4 Be7 13. Bd3 O-O 14. Qh5 g6
15. Qh6 Re8 16. h4 Bf8 17. Qg5 Qxg5 18. hxg5 Be7 19. Kd2 Nf8 20. Nb2 Bd7 21. a4
Rec8 22. Nd1 Be8 23. Nf2 Nd7 24. Ng4 a6 25. Rh3 Nf8 26. Nf6+ Bxf6 27. gxf6 Rc6
28. a5 Rc7 29. Bc5 Rxc5 30. bxc5 Rc8 31. Ke3 Rxc5 32. Kd4 Rc7 33. g4 Bb5 34.
Bxb5 axb5 35. Rf3 Rc6 36. Rb1 Rc4+ 37. Kd3 Rc5 38. Rf2 g5 39. f5 Nd7 40. Re2
Rc4 41. Rxb5 h6 42. Rb4 Rc7 43. Kd4 Nb8 44. Kd3 Na6 45. Reb2 Nxb4+ 46. Rxb4 Kh7
47. fxe6 fxe6 48. Rb6 Kg6 49. Rxe6 Rc5 50. Re7 h5 51. gxh5+ 1-0

[Event "SR 2. liga A 2006/2007"]
[Site "?"]
[Date "2007.03.18"]
[Round "11"]
[White "Goga, Frantisek"]
[Black "Puskas, Miroslav"]
[Result "1/2-1/2"]
[WhiteElo "2011"]
[BlackElo "2025"]
[PlyCount "28"]
[EventDate "2006.??.??"]

1. e4 e5 2. Nf3 Nc6 3. d4 exd4 4. Nxd4 d6 5. Bb5 Bd7 6. Nc3 Nf6 7. O-O Be7 8.
Nxc6 bxc6 9. Ba4 O-O 10. Bf4 c5 11. e5 dxe5 12. Bxe5 Bxa4 13. Nxa4 Bd6 14. Bxd6
cxd6 1/2-1/2

[Event "SR 2. liga A 2006/2007"]
[Site "?"]
[Date "2007.03.18"]
[Round "11"]
[White "Hagara, Vladimir"]
[Black "Kleman, Miroslav"]
[Result "0-1"]
[WhiteElo "1975"]
[BlackElo "2094"]
[PlyCount "96"]
[EventDate "2006.??.??"]

1. c4 g6 2. Nc3 Bg7 3. d4 d6 4. e4 Nf6 5. f3 O-O 6. Be3 e5 7. Nge2 Nc6 8. Qd2
exd4 9. Nxd4 Re8 10. Nxc6 bxc6 11. Be2 Be6 12. Rd1 Nd7 13. O-O c5 14. Nd5 Bxd5
15. cxd5 a6 16. Rfe1 Qf6 17. b3 Qc3 18. g3 f5 19. Kg2 fxe4 20. fxe4 Rxe4 21.
Bf3 Qxd2+ 22. Bxd2 Rxe1 23. Rxe1 Ne5 24. Ba5 Ra7 25. Be2 Kf7 26. Rf1+ Ke7 27.
Rf4 c6 28. dxc6 Nxc6 29. Bc4 Bf6 30. Re4+ Be5 31. Bd2 Kf6 32. Re1 a5 33. Rf1+
Kg7 34. a3 Nd4 35. Bc3 Nf5 36. Bxe5+ dxe5 37. Kf3 Rd7 38. g4 Nd6 39. Bd5 Nb5
40. Bc4 Nxa3 41. Ke4 Nxc4 42. bxc4 Rd4+ 43. Kxe5 Rxc4 44. g5 Rg4 45. h4 Rxh4
46. Rd1 Rd4 47. Rb1 Rd7 48. Ke6 Ra7 0-1

[Event "SR 2. liga A 2006/2007"]
[Site "?"]
[Date "2007.04.01"]
[Round "11"]
[White "Hoferek, Peter"]
[Black "Vimmer, Michal"]
[Result "1/2-1/2"]
[WhiteElo "1914"]
[BlackElo "1985"]
[PlyCount "45"]
[EventDate "2006.??.??"]
[TimeControl "40/300+5:40/300:40/300"]

1. e4 c5 2. Nf3 Nc6 3. d4 cxd4 4. Nxd4 Nf6 5. Nxc6 bxc6 6. Bd3 g6 7. O-O Bg7 8.
c3 O-O 9. Be3 Qc7 10. Nd2 Rb8 11. Rb1 d6 12. f3 Be6 13. Bc4 Bxc4 14. Nxc4 d5
15. exd5 cxd5 16. Nd2 Qa5 17. a3 Rfe8 18. Nb3 Qc7 19. Nc5 Rb5 20. b4 Qc6 21. a4
Rbb8 22. b5 Qd6 23. Na6 1/2-1/2

[Event "SR 2. liga A 2006/2007"]
[Site "?"]
[Date "2007.04.01"]
[Round "11"]
[White "Kolar, Tomas"]
[Black "Stefan, Oldrich"]
[Result "1-0"]
[WhiteElo "2042"]
[BlackElo "2965"]
[PlyCount "113"]
[EventDate "2006.??.??"]
[TimeControl "40/300+5:40/300:40/300"]

1. e4 c5 2. Nf3 Nc6 3. d4 cxd4 4. Nxd4 Nf6 5. Nc3 d6 6. Bg5 e6 7. Qd2 Be7 8.
O-O-O Bd7 9. Ndb5 Qa5 10. f4 O-O-O 11. Nxd6+ Bxd6 12. Qxd6 Be8 13. Qa3 Rxd1+
14. Kxd1 Qxa3 15. bxa3 Ng4 16. Kd2 f6 17. Bh4 Bg6 18. h3 Nh6 19. Bd3 e5 20. f5
Bf7 21. Rd1 Rd8 22. Kc1 Na5 23. Bf2 Kb8 24. Bb5 Rxd1+ 25. Kxd1 Nc4 26. Bc5 Ng8
27. Nd5 Nb6 28. Nxb6 axb6 29. Bxb6 Bxa2 30. Ba4 Kc8 31. Bb3 Bxb3 32. cxb3 Kd7
33. Bc5 g6 34. g4 gxf5 35. gxf5 Nh6 36. Kd2 Nf7 37. Be3 Nd6 38. Kd3 Kc6 39. Bh6
Kd7 40. a4 Ke7 41. b4 Kd7 42. Be3 Ke8 43. a5 Kd7 44. h4 h5 45. Bc5 Nb5 46. Kc4
Na3+ 47. Kd3 Nb5 48. Be3 Kc6 49. Bh6 Kd7 50. Kc4 Nd4 51. b5 Nf3 52. Bg7 Nxh4
53. Bxf6 Nf3 54. Kd5 h4 55. Bxh4 Nxh4 56. Kxe5 Nf3+ 57. Kd5 1-0

[Event "SR 2. liga A 2006/2007"]
[Site "?"]
[Date "2007.04.01"]
[Round "11"]
[White "Kralovic, Andrej"]
[Black "Hrivnak, Martin"]
[Result "1-0"]
[WhiteElo "2098"]
[BlackElo "2219"]
[PlyCount "71"]
[EventDate "2006.??.??"]
[TimeControl "40/300+5:40/300:40/300"]

1. e4 c5 2. Nf3 Nc6 3. d4 cxd4 4. Nxd4 e5 5. Nb5 a6 6. Nd6+ Bxd6 7. Qxd6 Qf6 8.
Qd1 Nge7 9. Nc3 O-O 10. Be3 d6 11. Qd2 h6 12. O-O-O Be6 13. Nd5 Bxd5 14. exd5
Nb8 15. g4 Qg6 16. Qb4 b5 17. Bd3 a5 18. Qxb5 e4 19. Be2 Rd8 20. h4 Nd7 21. Bb6
Nxb6 22. Qxb6 Rab8 23. Qe3 Qf6 24. c3 Qe5 25. Rd4 f5 26. f4 exf3 27. Qxf3 Rdc8
28. Rhd1 fxg4 29. Rxg4 Nf5 30. Re4 Qf6 31. Rf4 g6 32. h5 Qg5 33. hxg6 Ng3 34.
Rd2 Rf8 35. Rf7 Rfe8 36. Rg7+ 1-0

[Event "SR 2. liga A 2006/2007"]
[Site "?"]
[Date "2007.03.18"]
[Round "11"]
[White "Krist, Milan"]
[Black "Flak, Juraj"]
[Result "1/2-1/2"]
[WhiteElo "2039"]
[BlackElo "2077"]
[PlyCount "70"]
[EventDate "2006.??.??"]

1. d4 Nf6 2. Nf3 e6 3. c4 c5 4. d5 exd5 5. cxd5 d6 6. Nc3 g6 7. Bg5 Bg7 8. e3
Qa5 9. Bxf6 Bxf6 10. Qa4+ Qxa4 11. Nxa4 O-O 12. Nc3 a6 13. Bd3 Bg4 14. Nd2 b5
15. Rb1 Nd7 16. h3 Bxc3 17. bxc3 Ne5 18. Bc2 Bc8 19. f4 Nd7 20. Kf2 f5 21. c4
b4 22. g3 Nb6 23. h4 Ra7 24. h5 Re7 25. hxg6 hxg6 26. Rh6 Kg7 27. Rbh1 Rfe8 28.
Rh7+ Kf6 29. Rxe7 Rxe7 30. e4 Kg7 31. exf5 Bxf5 32. Bxf5 gxf5 33. Rh5 Rf7 34.
Rg5+ Kf8 35. Rh5 Kg7 1/2-1/2

[Event "SR 2. liga A 2006/2007"]
[Site "?"]
[Date "2007.04.01"]
[Round "11"]
[White "Lauf, Pavol"]
[Black "Bednar, Miroslav"]
[Result "1-0"]
[WhiteElo "2111"]
[BlackElo "2102"]
[PlyCount "45"]
[EventDate "2006.??.??"]
[TimeControl "40/300+5:40/300:40/300"]

1. c4 e5 2. g3 g6 3. Bg2 Bg7 4. Nc3 Ne7 5. Nf3 c6 6. d4 f6 7. O-O O-O 8. dxe5
fxe5 9. c5 Na6 10. Ne4 Nd5 11. a3 b6 12. b4 bxc5 13. bxc5 Rb8 14. Qc2 Rb5 15.
Bd2 Qe7 16. Rac1 Nac7 17. Nd6 Rb8 18. e4 Nf6 19. Rfd1 Ba6 20. Bc3 Ng4 21. h3
Nh6 22. Qd2 Rb3 23. Qa2 1-0

[Event "SR 2. liga A 2006/2007"]
[Site "?"]
[Date "2007.03.18"]
[Round "11"]
[White "Machalova, Erika"]
[Black "Vagovsky, Jozef"]
[Result "1-0"]
[WhiteElo "2106"]
[BlackElo "2034"]
[PlyCount "61"]
[EventDate "2006.??.??"]

1. d4 d5 2. c4 c6 3. Nc3 Nf6 4. Nf3 e6 5. e3 Nbd7 6. Bd3 dxc4 7. Bxc4 Bd6 8.
O-O O-O 9. e4 e5 10. d5 Nc5 11. dxc6 bxc6 12. Qc2 Ba6 13. Bxa6 Nxa6 14. Rd1 Nc5
15. Nxe5 Qc7 16. Nf3 Rfe8 17. Re1 Ng4 18. g3 Qb6 19. Be3 Nxe3 20. Rxe3 Rab8 21.
b3 f6 22. Rc1 Qb4 23. Nd2 Be5 24. Ne2 Ne6 25. Nf3 c5 26. Qc4 Rbd8 27. Kg2 Qa3
28. Rc2 Kf8 29. Nxe5 fxe5 30. Rf3+ Ke7 31. Rf5 1-0

[Event "SR 2. liga A 2006/2007"]
[Site "?"]
[Date "2007.03.18"]
[Round "11"]
[White "Mosny, Jaroslav"]
[Black "Duben, Igor"]
[Result "1/2-1/2"]
[WhiteElo "2054"]
[BlackElo "2193"]
[PlyCount "54"]
[EventDate "2006.??.??"]

1. d4 e6 2. Nf3 d5 3. e3 Nf6 4. Bd3 Bd6 5. b3 O-O 6. O-O b6 7. Bb2 Bb7 8. c4
Nbd7 9. Nbd2 c5 10. Re1 dxc4 11. Nxc4 Be7 12. dxc5 Nxc5 13. Be2 Qxd1 14. Rexd1
Rfd8 15. Kf1 Rac8 16. Nd4 Nfe4 17. f3 Nd6 18. Rac1 Nxc4 19. Bxc4 Bf6 20. Ba1 a6
21. Nc2 Bxa1 22. Rxa1 b5 23. Be2 e5 24. Ke1 Kf8 25. Rxd8+ Rxd8 26. Rd1 Rxd1+
27. Kxd1 f5 1/2-1/2

[Event "SR 2. liga A 2006/2007"]
[Site "?"]
[Date "2007.04.01"]
[Round "11"]
[White "Penter, Erik"]
[Black "Eged, Igor"]
[Result "1-0"]
[WhiteElo "2396"]
[BlackElo "2099"]
[PlyCount "73"]
[EventDate "2006.??.??"]
[TimeControl "40/300+5:40/300:40/300"]

1. e4 e5 2. Nf3 Nf6 3. Nxe5 d6 4. Nf3 Nxe4 5. Nc3 Nxc3 6. dxc3 Be7 7. Bf4 Be6
8. Nd4 Bd7 9. Bd3 O-O 10. Qd2 Nc6 11. Nf5 Bxf5 12. Bxf5 Ne5 13. O-O-O Ng6 14.
Be3 c6 15. c4 Qc7 16. f4 Nh4 17. Bh3 f5 18. g3 Ng6 19. Bg2 Rad8 20. h4 Bf6 21.
h5 Ne7 22. h6 g6 23. Bd4 Nc8 24. Rhe1 Qf7 25. Bxf6 Qxf6 26. Bf3 Rfe8 27. g4 Nb6
28. g5 Qf7 29. b3 Nc8 30. Qd4 Re7 31. Rxe7 Qxe7 32. c5 Rd7 33. Kb2 d5 34. c4 b6
35. cxd5 bxc5 36. Qc3 Nb6 37. d6 1-0